II Panorama del audiovisual chileno

Sparad:
Bibliografiska uppgifter
Huvudupphovsmän: Fuenzalida, Valerio (Författare, medförfattare), Julio, Pablo (Författare, medförfattare), Bruna, Alejandro (Författare, medförfattare), Caloguerea, Alejandro (Författare, medförfattare), Alonso, Carla (Författare, medförfattare), Leiva, Carola (Författare, medförfattare), Vergara, Carolina (Författare, medförfattare), Inostroza, David (Författare, medförfattare), Acuña Díaz, Fernando (Författare, medförfattare), Polidura, Ignacio (Författare, medförfattare), Whittle, Johanna (Författare, medförfattare), Mazzucco, Julián (Författare, medförfattare), Alaniz, Sebastián (Författare, medförfattare), Mandler, Yael (Författare, medförfattare), Melo, María Ignacia (Författare, medförfattare), Gubernatis, Francisca (Författare, medförfattare), Hyland, Alexandra (Författare, medförfattare)
Materialtyp: Bok
Språk:spanska
Publicerad: Santiago Facultad de Comunicaciones PUC 2012
Ämnen:
Taggar: Lägg till en tagg
Inga taggar, Lägg till första taggen!

MARC

LEADER 00000cam a2200000 a 4500
001 UCF5616
003 CL-VaPUC
008 130318e20121200CL |||||||||||||||||spa|d
020 |a 9789561413061 
082 0 4 |a 306  |b FUE  |2 21 
100 0 |a Fuenzalida, Valerio  |e author  |9 567583 
700 0 |a Julio, Pablo  |e author  |9 567584 
700 0 |a Bruna, Alejandro  |e author  |9 567585 
700 0 |a Caloguerea, Alejandro  |e author  |9 567586 
700 0 |a Alonso, Carla  |e author  |9 567587 
700 0 |a Leiva, Carola  |e author  |9 567588 
700 0 |a Vergara, Carolina  |e author  |9 567589 
700 0 |a Inostroza, David  |e author  |9 567590 
700 0 |a Acuña Díaz, Fernando  |e author  |9 567591 
700 0 |a Polidura, Ignacio  |e author  |9 567592 
700 0 |a Whittle, Johanna  |e author  |9 567593 
700 0 |a Mazzucco, Julián  |e author  |9 567594 
700 0 |a Alaniz, Sebastián  |e author  |9 567595 
700 0 |a Mandler, Yael  |e author  |9 567596 
700 0 |a Melo, María Ignacia  |e author  |9 567597 
700 0 |a Gubernatis, Francisca  |e author  |9 567598 
700 0 |a Hyland, Alexandra  |e author  |9 567599 
245 1 0 |a II Panorama del audiovisual chileno 
300 |a 173 p 
942 |c BK 
945 |d 20130318 00:00:00  |a dcastane 
260 |a Santiago  |b Facultad de Comunicaciones PUC  |c 2012 
650 0 |a Industria cultural  |9 563526 
650 0 |a Política cultural  |9 316492 
650 0 |a Comunicación audiovisual  |9 268089 
583 |a last modification  |c 20190624 09:57:03  |k Rodrigo Vera 
999 |c 351108  |d 351106 
952 |0 0  |1 0  |4 0  |6 306_000000000000000_FUE_2012  |7 0  |8 A  |9 454996  |a BIBCUR  |b BIBCUR  |d 2019-11-22  |i 4955269  |o 306 FUE 2012  |p 4955269  |r 2025-04-22  |w 2019-11-22  |y BK  |k PER